000 00754cam a2200229 a 4500
020 _a1558510753 :
020 _a1558510761 (book/disk) :
020 _a155851077X (disk) :
082 0 0 _a005.262C
_bLAD
_cMCEL-02,P-182
100 1 _aLadd, Scott Robert,
_936769
245 1 0 _aC++ techniques and applications /
_cScott Robert Ladd.
250 _a1st ed.
260 _aRedwood City, CA :
_bM&T Books,
_c1990.
300 _a466 p. ;
_c24 cm.
500 _a"Also compatible with Turbo C++ and Zortech C++"--Cover.
500 _aIncludes index.
500 _aSpine title: C++ techniques & applications.
526 _a0
_b0
_c0
_d005_000000000000000_262C_LAD
650 0 _aC++ (Computer program language)
_91810
650 0 _aMCE
_9379
942 _2ddc
_cBK
999 _c541744
_d541744